000 04394nab a2200325 i 4500
003 BR-BrBNA
005 20240411090547.0
008 240411b2013 bl.qr|pooa||| 00| 0 por |
040 _aBR-BrBNA
_bpor
072 _aF60
072 _aH50
072 _aF62
100 _aMendes, C.E.
100 _aCasarin, F.
100 _aSperandio, S.L.
100 _aMoura, N.F.
100 _aDenardin, R.B.N.
245 _aAvaliação do potencial fitotóxico de Persea venosa Nees & Mart. (Lauraceae) sobre sementes e plântulas de diferentes espécies cultivadas
500 _aPublicação on-line; 44 ref.; 7 tables; Summaries (En, Pt)
520 _a RESUMO: Este estudo objetiva a análise dos efeitos alelopáticos de Persea venosa (paude-andrade) frente a diversas espécies cultivadas. Para os testes, foram utilizados extratos alcoólicos da casca do caule de pau-de-andrade, conforme sua utilização medicinal, em quatro concentrações. A atividade alelopática foi testada frente às cultivares de milho, soja, alface e rabanete. O experimento foi inteiramente casualizado, com quatro repetições de 50 sementes. A análise de cromatografia em camada delgada, utilizando-se sílica como fase estacionária e solventes de diferentes polaridades como fase móvel, foi utilizada para obtenção do perfil fitoquímico, sendo utilizado reveladores específicos para cada classe de metabólitos secundários testada. Observou-se que com o aumento da concentração do extrato de P. venosa, houve o aumento do número de plântulas anormais em todas as cultivares, chegando a percentuais de anormalidade de 100% para milho e soja, 93% para alface e 67,48% para rabanete na concentração de 160 g/L. Ademais, as anormalidades evidenciadas foram predominantes no sistema radicular das plântulas, ocasionando em todos os casos, necrose, truncamento, engrossamento, atrofia e aumento do número de pêlos absorventes. Devido à severidade com que os extratos afetaram o crescimento e a normalidade das plântulas, este estudo evidencia a possibilidade da ocorrência de citotoxicidade por parte da espécie P. venosa, vastamente utilizada na medicina tradicional. Palavras-chave: Planta medicinal, Persea venosa, toxicidade, alelopatia.
520 _a ABSTRACT: Evaluation of the phytotoxic potential of Persea venosa Ness & Mart. (Lauraceae) on seeds and seedlings of different species grown. This study aims to analyze the allelopathic effects of Persea venosa (pau-de-andrade) on several cultivars. For the tests, we used alcoholic extracts from the bark of pau-de-andrade, according to their medicinal use in four concentrations. The allelopathic activity was tested on different cultivars of corn, soybeans, lettuce and radish. The experiment was completely randomized, with four replications of 50 seeds. The chromatographic analysis of a thin layer, using silica as the stationary phase and solvents of different polarities as the mobile phase, was used to obtain the phytochemical profile, using specific developers to each class of secondary metabolites tested. It was observed that with an increasing concentration of the extract of P. venosa, there was an increase in the number of abnormal seedlings in all cultivars, reaching percentages of abnormality of 100% for corn and soybeans, 93% for lettuce, and 67.48% for radish at a 160 g/L concentration. Furthermore, the evidenced abnormalities were predominant in the seedling root system, causing, in all cases, necrosis, truncation, atrophy and increased number of hairs. Due to the severity with which the extracts affected the growth of seedlings and their normality, this study highlights the possible occurrence of cytotoxicity by the P. venosa species, which is widely used in traditional medicine. Keywords: Medicinal plant, Persea venosa, toxicity, allelopathy.
650 _aPLANTA MEDICINAL
650 _aLAURACEAE
650 _aTOXIDEZ
650 _aALELOPATIA
773 0 _03543
_9314345
_dBotucatu-SP Instituto de Biociências - Departamento de Química e Bioquímica 1998
_o2024-0601
_tRevista Brasileira de Plantas Medicinais (Brazil)
_x1516-0572
_gv. 15(3) p. 337-346; (2013)
_wBR2024000460
856 _uhttps://www.scielo.br/j/rbpm/a/cVPkdxcszQRjBkv8Qd8gTBn/?format=pdf&lang=pt
942 _cAnalítica
999 _c299127
_d299127